000 00690nam a2200241 a 4500
001 BRCA_6364
005 20190320205427.0
008 120711s1911----fr-a######---#000-1#fre-#
041 _afre
044 _afr
050 4 _aPQ2216
_b.D38 1 1911
100 1 _aDaudet, Alphonse
_914910
245 1 0 _aTartarin de Tarascon
_cAlphonse Daudet ; illustré par J. Girardet ... [et al.]
260 _aParĂ­s
_bErnest Flammarion
_c[1911]
300 _a233 p.
_bil.
_c17 cm.
440 0 _aCollection Guillaume
_915597
500 _aEjemplar igual a I60
500 _aCEF62
650 1 4 _aLiteratura francesa
_915948
700 1 _aGirardet, J.
_eIlustrador
_915949
902 _aGFM
942 _2lcc
_cB
999 _c6050
_d6050